000 00426nam a2200181Ia 4500
001 2578
005 20260306144817.0
008 260306t2006||||xx |||||||||||||| ||spa||
041 _aESP
082 _a616.8915
_bR78
100 _aRoizblatt S., Arturo
_eAUT
245 0 _aTerapia familiar y de pareja
260 _c2006
300 _a752 páginas :
_c23 cm.
650 _aGEN
654 _aCPS
942 _cLIB
_dJUS
_fJUS
_2ddc
_n
999 _c2578
_d2578